=LDR 00000nam 2200000 4500 =001 INLIS000000000017064 =005 20210312074629 =035 ##$$a 0010-061300000017064 =008 210312###########################0###### =041 ##$$a Ind =082 ##$$a 332.1 =090 ##$$a 332.1, Sub b =100 ##$$a Subagio =245 1#$$a Bank dan lembaga keuangan lainnya, Subgyo =260 ##$$a 2002 :$b Yogyakarta =300 ##$$a 250 hlm, 24 cm =650 #4$$a Bank dan Perbankan =850 ##$$a NBPNMAT =990 ##$$a 20402110 =990 ##$$a 20402109 =990 ##$$a 20402112